Toutes les communes de Toulouse Métropole sur une carte - Statistiques

Statistiques générales
  • Ce quiz a été pris 357 fois
  • Le résultat moyen est 13 sur 37
Réponses sur la Carte
Les réponses sont colorées sur une échelle allant du rouge au vert en fonction du pourcentage des utilisateurs qui les ont devinées à leur premier essai. Vous pouvez retrouver ces pourcentages ci-dessous.
 
Statistiques - réponses
Commune Nombre d'habitants % Correct
Toulouse 511 684
97%
Blagnac 27 314
93%
Balma 17 431
83%
Colomiers 40 916
79%
Tournefeuille 29 724
68%
L'Union 12 410
59%
Cugnaux 20 239
52%
Saint-Orens-de-Gameville 14 229
48%
Aucamville 9 578
44%
Saint-Jean 11 239
41%
Fenouillet 5 727
39%
Saint-Jory 7 996
35%
Quint-Fonsegrives 6 059
34%
Pibrac 8 828
33%
Cornebarrieu 8 571
31%
Launaguet 9 216
29%
Beauzelle 8 184
28%
Castelginest 11 033
25%
Pin-Balma 1 029
25%
Saint-Alban 6 447
25%
Aussonne 7 731
24%
Bruguières 5 908
22%
Villeneuve-Tolosane 10 704
22%
Brax 2 938
21%
Mondonville 6 003
20%
Seilh 3 311
20%
Fonbeauzard 3 086
19%
Montrabé 4 322
19%
Gratentour 4 926
17%
Gagnac-sur-Garonne 3 223
16%
Lespinasse 3 032
15%
Drémil-Lafage 2 622
14%
Mons 1 851
14%
Flourens 2 073
13%
Beaupuy 1 225
11%
Aigrefeuille 1 326
10%
Mondouzil 213
9%
Aucun quiz correspondant
Distribution des résultats
% des personnes avec chaque résultat
Percentile par nombre de réponses
Votre historique - résultats
Vous n’avez pas pris ce quiz